02383nam a2200433 a 4500001001200000003000800012006001900020007001500039008004100054010001700095016002000112020002500132020002200157040002100179035002100200043001200221050002200233082002000255245033800275260005800613300002400671504004100695505031800736533015201054610008101206650005201287650003701339650003801376655002901414700002001443700002001463700004701483710012701530710006601657710006801723710001701791856012601808999001501934ebr10286189CaPaEBRm u cr cn|||||||||090126s2009 dcua sb 000 0 eng d z 20090033757 z1014944682DNLM z9780309124997 (pbk.) z0309124999 (pbk.) aCaPaEBRcCaPaEBR a(OCoLC)311551818 an-us---14aR864b.B49 2009eb04a651.5/0426122200aBeyond the HIPAA privacy ruleh[electronic resource] :benhancing privacy, improving health through research /cSharyl J. Nass, Laura A. Levit, and Lawrence O. Gostin, editors ; Committee on Health Research and the Privacy of Health Information, the HIPAA Privacy Rule, Board on Health Sciences Policy, Board on Health Care Services. aWashington, D.C. :bNational Academies Press,cc2009. axiv, 320 p. :bill. aIncludes bibliographical references.0 aIntroduction -- The value and importance of health information privacy -- The value, importance, and oversight of health research -- HIPAA, the privacy rule, and its application to health research -- Effect of the HIPAA privacy rule on health research -- A new framework for protecting privacy in health research. aElectronic reproduction.bPalo Alto, Calif. :cebrary,d2013.nAvailable via World Wide Web.nAccess may be limited to ebrary affiliated libraries.10aUnited States.tHealth Insurance Portability and Accountability Act of 1996. 0aMedical recordsxAccess controlzUnited States. 0aHealthxResearchzUnited States. 0aPrivacy, Right ofzUnited States. 7aElectronic books.2local1 aNass, Sharyl J.1 aLevit, Laura A.1 aGostin, Lawrence O.q(Lawrence Ogalthorpe)2 aInstitute of Medicine (U.S.).bCommittee on Health Research and the Privacy of Health Information, the HIPAA Privacy Rule.2 aInstitute of Medicine (U.S.).bBoard on Health Care Services.2 aInstitute of Medicine (U.S.).bBoard on Health Sciences Policy.2 aebrary, Inc.40uhttp://site.ebrary.com/lib/rucke/Doc?id=10286189zAn electronic book accessible through the World Wide Web; click to view c2078d2078